Sárosmegyei Közlöny

Bibliographic Details
Previous Title:Eperjesi Ujság
Format: Microfilm Newspaper
Language:Hungarian
Published: Široké Bódog Hedry 1882-
Prešov
Subjects:

MARC

LEADER 00000nas a2200000 a 4500
001 vtls009181859
003 SK-MaSNL
005 20260228161120.0
007 hd bfu000baap
007 hd bfu000babp
007 hd afu000bacp
008 080207d18821898xo wr naa 0 0hun
040 |a SNK  |b slo  |c SNK  |e AACR2 
041 0 |a hun 
044 |a xo  |c SK 
245 0 0 |a Sárosmegyei Közlöny  |h mikroforma 
260 |a Široké  |b Bódog Hedry  |c 1882- 
260 3 |3 1884-1898  |a Prešov  |b Bódog Hedry 
310 |a Týždenne  |b 1882-1898 
340 |a Mikrofilm  |b 35 mm 
362 0 |a 1882-1898 
500 |a Popis podľa: č. 1, roč. 6 (1887) 
533 |a Mikrofilm  |m 1887-1889  |b Martin  |c Matica slovenská  |d 1994  |e 1 mikrofilmová cievka ; 35 mm 
655 7 |a mikrofilmy  |2 SNKPH  |9 266443 
655 7 |a noviny  |2 SNKPH  |9 72987 
780 0 0 |t Eperjesi Ujság 
910 |a snk 
999 |c 4372  |d 6302 
952 |0 0  |1 0  |4 0  |7 0  |8 5  |d 2008-02-07  |i snk2009/12389  |l 0  |o snkMP 125  |p 17A0577216  |r 2026-02-21 22:30:34  |t 1887-1889  |w 2026-02-21  |y PREZ 
952 |0 0  |1 0  |4 0  |7 0  |8 5  |a SNKDIV  |b SNKDIV  |d 2008-02-07  |l 0  |o snkMA 125  |p 17A0577214  |r 2026-02-21 22:32:24  |w 2026-02-21  |y NEVYP 
952 |0 0  |1 0  |4 0  |7 0  |8 5  |a SNKDIV  |b SNKDIV  |d 2008-02-07  |l 0  |o snkMM 125  |p 17A0577215  |r 2026-02-21 22:32:24  |w 2026-02-21  |y NEVYP